Normal view
MARC view
Entry Personal Name
001 - CONTROL NUMBER
- control field: 23040
003 - CONTROL NUMBER IDENTIFIER
- control field: ARRUPE
005 - DATE AND TIME OF LATEST TRANSACTION
- control field: 20160321115157.0
008 - FIXED-LENGTH DATA ELEMENTS
- fixed length control field: 160321|| aca||aabn | a|a d
040 ## - CATALOGING SOURCE
- Original cataloging agency: ARRUPE
- Transcribing agency: ARRUPE
100 ## - HEADING--PERSONAL NAME
- Personal name: Pongweni, Alec J. C.
670 ## - SOURCE DATA FOUND
- Source citation: Work cat.: (ARRUPE)0: Pongweni, Alec J. C., Songs that won the liberation war /, [1981